Body Language (Record no. 34824)

MARC details
000 -LEADER
fixed length control field 02893nam a22004217a 4500
003 - CONTROL NUMBER IDENTIFIER
control field dpl
005 - DATE AND TIME OF LATEST TRANSACTION
control field 20100322140330.0
007 - PHYSICAL DESCRIPTION FIXED FIELD--GENERAL INFORMATION
fixed length control field DVD
008 - FIXED-LENGTH DATA ELEMENTS--GENERAL INFORMATION
fixed length control field 050907s2005 cau105 g 00| 0 eng d
010 ## - LIBRARY OF CONGRESS CONTROL NUMBER
LC control number DVD-007157-7165
024 ## - OTHER STANDARD IDENTIFIER
Terms of availability 69.00
035 ## - SYSTEM CONTROL NUMBER
System control number DVD-007157-7165
040 ## - CATALOGING SOURCE
Original cataloging agency DPL
Transcribing agency DPL
092 ## - LOCALLY ASSIGNED DEWEY CALL NUMBER (OCLC)
Classification number DVD BODY
245 ## - TITLE STATEMENT
Title Body Language
Medium [videorecording] DVD /
Statement of responsibility, etc Diskovery Video & laser Co. Pvt. Ltd. Presents
260 ## - PUBLICATION, DISTRIBUTION, ETC. (IMPRINT)
Name of publisher, distributor, etc Diskovery Video
300 ## - PHYSICAL DESCRIPTION
Extent 2 videocassette (VCD);
Other physical details sd., col. ;
Dimensions 4-3/4 in.
Type of unit VCD
440 ## - SERIES STATEMENT/ADDED ENTRY--TITLE
Title Diskovery Video
538 ## - SYSTEM DETAILS NOTE
System details note Dolby digital 5.1, English
538 ## - SYSTEM DETAILS NOTE
System details note This is a Videio CD with digital audio, full Motion video and Play Back Controls Suitable for Video CD, LD, DVD Player and Multimedia PCs with MPEG card.
650 ## - SUBJECT ADDED ENTRY--TOPICAL TERM
Topical term or geographic name as entry element Motion Picture
700 ## - ADDED ENTRY--PERSONAL NAME
Personal name Case, Geroge
700 ## - ADDED ENTRY--PERSONAL NAME
Personal name Sekula, Andrej
700 ## - ADDED ENTRY--PERSONAL NAME
Personal name Bereenger, Tom
700 ## - ADDED ENTRY--PERSONAL NAME
Personal name Travis, Nancy
700 ## - ADDED ENTRY--PERSONAL NAME
Personal name Schanz, Heidi
942 ## - ADDED ENTRY ELEMENTS (KOHA)
Koha item type CD-ROMs, DVDs, VHS
Source of classification or shelving scheme Dewey Decimal Classification
Classification part DVD
Call number suffix BODY
Holdings
Withdrawn status Lost status Source of classification or shelving scheme Damaged status Not for loan Home library Current library Date acquired Source of acquisition Cost, normal purchase price Total Checkouts Full call number Barcode Date last seen Date checked out Copy number Cost, replacement price Price effective from Koha item type Total Renewals
    Dewey Decimal Classification     Central Library Central Library 22/03/2010 Pioneers/1111/30-12-09/325/13-10-09 /30-12-09 69.00 19 DVD BODY DVD-007157 27/01/2018 25/01/2018 1 69.00 22/03/2010 CD-ROMs, DVDs, VHS  
    Dewey Decimal Classification     Janak Puri Janak Puri 22/03/2010 Pioneers/1111/30-12-09/325/13-10-09 /30-12-09 69.00 16 DVD BODY DVD-007159 24/08/2013 12/08/2013 1 69.00 22/03/2010 CD-ROMs, DVDs, VHS 1
    Dewey Decimal Classification     Karol Bagh Karol Bagh 22/03/2010 Pioneers/1111/30-12-09/325/13-10-09 /30-12-09 69.00 9 DVD BODY DVD-007163 26/05/2014 19/05/2014 1 69.00 22/03/2010 CD-ROMs, DVDs, VHS  
    Dewey Decimal Classification     Narela Narela 22/03/2010 Pioneers/1111/30-12-09/325/13-10-09 /30-12-09 69.00 7 DVD BODY DVD-007164 11/06/2014 24/05/2014 1 69.00 22/03/2010 CD-ROMs, DVDs, VHS  
    Dewey Decimal Classification     Patel Nagar Patel Nagar 22/03/2010 Pioneers/1111/30-12-09/325/13-10-09 /30-12-09 69.00 10 DVD BODY DVD-007158 07/03/2012 18/02/2012 1 69.00 22/03/2010 CD-ROMs, DVDs, VHS  
    Dewey Decimal Classification     R.K.Puram-8 R.K.Puram-8 22/03/2010 Pioneers/1111/30-12-09/325/13-10-09 /30-12-09 69.00 3 DVD BODY DVD-007161 13/02/2017 07/02/2017 1 69.00 22/03/2010 CD-ROMs, DVDs, VHS  
    Dewey Decimal Classification     Sarojini Nagar Sarojini Nagar 22/03/2010 Pioneers/1111/30-12-09/325/13-10-09 /30-12-09 69.00 22 DVD BODY DVD-007160 01/07/2017 24/06/2017 1 69.00 22/03/2010 CD-ROMs, DVDs, VHS  
    Dewey Decimal Classification     Shahdara Branch Shahdara Branch 22/03/2010 Pioneers/1111/30-12-09/325/13-10-09 /30-12-09 69.00   DVD BODY DVD-007165 22/03/2010   1 69.00 22/03/2010 CD-ROMs, DVDs, VHS  
    Dewey Decimal Classification     Vinoba Puri Vinoba Puri 22/03/2010 Pioneers/1111/30-12-09/325/13-10-09 /30-12-09 69.00 9 DVD BODY DVD-007162 30/03/2015 03/03/2015 1 69.00 22/03/2010 CD-ROMs, DVDs, VHS  

© Delhi Public Library
Hit Counter
free hit counter